Tratado de Derecho Administrativo. Tomo III- B /
Guardado en:
| Autor Principal: | |
|---|---|
| Formato: | Libro |
| Idioma: | Spanish |
| Publicado: |
Buenos Aires :
Abeledo Perrot,
1998.
|
| Edición: | 4a. ed. |
| Materias: | |
| Etiquetas: |
Agregar Etiqueta
Sin Etiquetas, Sea el primero en etiquetar este registro!
|
| LEADER | 00574nam a22001695a 4500 | ||
|---|---|---|---|
| 001 | DER.der015492 | ||
| 008 | 251112s1998####ag#||||||||||||||#||spa|| | ||
| 005 | 20251112190545.0 | ||
| 245 | 1 | 0 | |a Tratado de Derecho Administrativo. |n Tomo III- B / |c Miguel S. Marienhoff. |
| 250 | |a 4a. ed. | ||
| 260 | |a Buenos Aires : |b Abeledo Perrot, |c 1998. | ||
| 300 | |a 739 p. | ||
| 500 | |a Contratos administrativos, de los contratos en particular | ||
| 020 | |a 9502000064 | ||
| 100 | 1 | |a Marienhoff, Miguel S. | |
| 653 | |a DERECHO ADMINISTRATIVO | ||
| 859 | |a DERECHO |b BIB. DERECHO |h 342.06 |i MAR |p 005655 |3 Tomo III-B | ||
